Word Ladder: Exhibitionist's Forté Quiz Stats

 Plays Quiz Updated Jul 23, 2012

Support Sporcle.
Go Orange.
Score 0/35 Timer 03:00
0 Plays Today
Hint Word % Correct
Mr. DisneyWALT
95.2%
Car horn soundBEEP
94.2%
◉ TARDY ◉◉ LATE ◉
91.4%
◉ AS ____ GOES BY ◉◉ TIME ◉
90%
Suspenders alternativeBELT
89.5%
Lash markWELT
88%
Despise or loatheHATE
86.7%
◉ HARBOR CRAFT ◉◉ BOAT ◉
86.6%
Flog or pummelBEAT
86.4%
FatigueTIRE
86.1%
Borscht requirementBEET
84.4%
◉ MELODY ◉◉ TUNE ◉
83.6%
Fork featureTINE
83%
◉ MARSHMALLOW EASTER TREAT ◉◉ PEEP ◉
82.5%
____ StraitsDIRE
81.7%
Nut partnerBOLT
81.1%
Stopped on coinDIME
79.8%
◉ CONVERSE ◉◉ TALK ◉
79.2%
Hint Word % Correct
PerambulateWALK
78.5%
RippedTORE
77.7%
Guitar relativeLUTE
73.6%
Poetic moonLUNE
72.9%
◉ DOMICILE ◉◉ HOME ◉
67.2%
Despereaux has oneTALE
66.5%
Mild or inoffensiveTAME
65.7%
Bound volumeTOME
62.4%
Legal matterTORT
53.4%
Physically robustHALE
50%
ApertureHOLE
48.8%
LethargicSLOW
42.5%
CoagulateCLOT
39.8%
One-armed bandit featureSLOT
39.1%
Binge or benderTOOT
30.4%
Crusty gentCOOT
27.9%
◉ COMMON BOND ◉◉ SHOW ◉
24.7%

Today's Daily Dose

Word Ladder
ING Words

Get the Picture
Nearest Volcano

From the Vault

Alphabetical Lose-A-Letter

by mrsmith

Hopefully these letters are easier to find than your car keys.
Remove Ads.
Support Sporcle.
Get the best of Sporcle when you Go Orange. This ad-free experience offers more features, more stats, and more fun while also helping to support Sporcle. Thank you for becoming a member.

Show Comments

Extras

Top Quizzes Today


Score Distribution

Your Account Isn't Verified!

In order to create a playlist on Sporcle, you need to verify the email address you used during registration. Go to your Sporcle Settings to finish the process.

Report this User

Report this user for behavior that violates our Community Guidelines.

Details: